Biggest Trading Partners - Faroe Islands - Statistics

General Stats
  • This quiz has been taken 811 times
  • The average score is 19 of 24
Answer Stats
exports imports country % Correct
228 mil 14.8 mil United Kingdom
99%
137 mil United States
98%
169 mil 436 mil Denmark
97%
55.6 mil 99.9 mil Norway
97%
30.4 mil Sweden
96%
37.7 mil Spain
95%
10.8 mil Canada
94%
19.3 mil 45.8 mil Germany
94%
29.7 mil France
92%
277 mil 16.7 mil Russia
92%
4.96 mil Finland
91%
14.6 mil Italy
91%
29.5 mil 45.4 mil Netherlands
90%
3.51 mil Belgium
88%
20.1 mil 31.1 mil Iceland
88%
34.0 mil 7.51 mil Poland
88%
3.72 mil Portugal
82%
121 mil Turkey
68%
2.71 mil Czechia
62%
7.26 mil Ukraine
62%
4.08 mil Lithuania
53%
4.17 mil Belarus
46%
4.20 mil Taiwan
28%
3.02 mil New Zealand
21%
No matching quizzes found
Score Distribution
Percent of People with Each Score
Percentile by Number Answered
Your Score History
You have not taken this quiz